Statistics for Team Flash Members & Allies

Click here to take the quiz!

General Stats

  • This quiz has been taken 10 times
  • The average score is 24 of 54

Answer Stats

HintAnswer% Correct
Team LeaderBarry Allen / The Flash
100%
Team MemberCaitlin Snow / Killer Frost
100%
Team MemberCisco Ramon / Vibe / Mecha-Vibe
100%
Former Team Leader / TraitorEobard Thawne / Reverse Flash
100%
Team Member / TraitorHunter Zolomon / The Flash / Zoom
100%
Team Member / TraitorIris West-Allen / Mirror Iris
100%
AllyJay Garrick / The Flash
100%
Team MemberJoe West
100%
Team MemberWally West / Kid Flash
100%
AllyHarrison Wells / Timeless Wells
83%
AllyMia Queen / Green Arrow
83%
Team MemberOliver Queen / The Flash
83%
AllyBart West-Allen / Impulse
67%
Team MemberEddie Thawne
67%
Team MemberHenry Allen
67%
Temporary Team LeaderIris West-Allen
67%
Team MemberNora West-Allen / XS
67%
Team MemberAllegra Garcia
50%
Team MemberHarry Wells
50%
Team MemberH.R. Wells
50%
Team MemberJesse Wells / Jesse Quick
50%
Team MemberMartin Stein / Firestorm
50%
Team MemberNash Wells
50%
Team MemberRalph Dibny / Elongated Man
50%
Team MemberSherloque Wells
50%
Ally / Former EnemySpeed Force Nora
50%
Team MemberCecile Horton / Psycho Pirate
33%
Team Member / Former EnemyFrost / Hellfrost
33%
Team Member / Temporary EnemyJulian Albert / Doctor Alchemy
33%
Team Member / TraitorKamilla Hwang / Mirror Kamilla
33%
Team MemberRonnie Raymond / Firestorm
33%
Ally / Former EnemyAlexa Rivera / Fuerza
17%
Ally / Former EnemyBashir Malik / Psych
17%
Team MemberChester Runk
17%
Ally / Former EnemyCynthia / Gypsy
17%
Ally / Former EnemyDeon Owens
17%
Ally / Former EnemyEsperanza Garcia / Ultraviolet
17%
Ally / Former EnemyHartley Rathaway / Pied Piper
17%
AllyJefferson Jackson / Firestorm
17%
Team MemberKamilla Hwang
17%
Team MemberKhione
17%
AllyLeonard Snart / Captain Cold
17%
Team Member / Former EnemyMark Blaine / Chillblaine
17%
Team Member / Former EnemyMatthew Kim / Melting Point
17%
AllyMeena Dhawan / Fast Track
17%
AllyRay Palmer / The Atom
17%
Team Member in Alternate TimelineRyan Choi / The Atom
17%
Ally / Former EnemyShay Lamden / King Shark
17%
AllySue Dearbon
17%
AllyDavid Singh
0%
Ally / Former EnemyJaco Birch / The Hotness
0%
AllyKristen Kramer
0%
Team MemberNate Heywood / Steel
0%
Team MemberTracy Brand
0%

Score Distribution

Percentile by Number Answered

Percent of People with Each Score

Your Score History

You have not taken this quiz